La clínica y el laboratorio (Record no. 28175)

MARC details
000 -LEADER
campo de control de longitud fija 00685nam a2200193 i 4500
001 - NÚMERO DE CONTROL
campo de control 28175
003 - IDENTIFICADOR DE NÚMERO DE CONTROL
campo de control ES-MaACL
005 - FECHA Y HORA DE LA ÚLTIMA TRANSACCIÓN
campo de control 20250731174541.0
007 - CAMPO FIJO DE DESCRIPCIÓN FÍSICA--INFORMACIÓN GENERAL
campo de control de longitud fija t|
008 - DATOS DE LONGITUD FIJA--INFORMACIÓN GENERAL
campo de control de longitud fija 030116s1958 sp ||||1| spa d
100 1# - ENTRADA PRINCIPAL--NOMBRE DE PERSONA
Nombre de persona Balcells Gorina, A.
9 (RLIN) 24868
245 13 - MENCIÓN DEL TÍTULO
Título La clínica y el laboratorio
Resto del título : (interpretación de análisis y pruebas funcionales) /
Mención de responsabilidad, etc. por Alfonso Balcells-Gorina ; prólogo de M. Soriano Jiménez.
260 ## - PUBLICACIÓN, DISTRIBUCIÓN, ETC.
Lugar de publicación, distribución, etc. Barcelona :
Nombre del editor, distribuidor, etc. Manuel Marín,
Fecha de publicación, distribución, etc. [1958] (
Fabricante Marto)
300 ## - DESCRIPCIÓN FÍSICA
Extensión XVI, 379 p. :
Otras características físicas il. ;
Dimensiones 20 cm.
650 04 - PUNTO DE ACCESO ADICIONAL DE MATERIA--TÉRMINO DE MATERIA
Término de materia o nombre geográfico como elemento de entrada Análisis clínicos.
9 (RLIN) 9761
700 1# - ENTRADA AGREGADA--NOMBRE PERSONAL
Nombre de persona Soriano Jiménez, Máximo,
Fechas asociadas al nombre 1903-1978
9 (RLIN) 107395
852 ## - LOCALIZACIÓN
Ubicación ES-MaACL
Número de control de estantería C-14866
Holdings
Estatus retirado Estado de pérdida Estado de daño No para préstamo Biblioteca de origen Biblioteca actual Ubicación en estantería Fecha de adquisición Fuente de adquisición Total de préstamos Signatura topográfica completa Código de barras Visto por última vez Precio de reemplazo Tipo de ítem Koha
        Biblioteca del Ateneo de Madrid Biblioteca del Ateneo de Madrid Ficheros 17/01/2008     C-14866 1029087 23/02/2023 23/02/2023 Libro impreso